[Event "POL-chT 1 Liga 2019"]
[Site "Dzwirzyno"]
[Date "2019.09.09"]
[Round "3.1"]
[White "Antoniewski, Rafal"]
[Black "Nayhebaver, Martin"]
[Result "1/2-1/2"]
[WhiteElo "2497"]
[BlackElo "2491"]
[Annotator "TA"]
[PlyCount "47"]
[EventDate "2019.09.07"]
[EventType "team-tourn"]
[EventCountry "POL"]
[SourceTitle "playchess.com"]
[Source "ChessBase"]
[SourceQuality "1"]

{[%evp 19,29,20,16,16,29,10,10,8,28,13,18,5]} 1. Nf3 Nf6 2. g3 b6 3. Bg2 Bb7 4. O-O e6 5. c4 Be7 6. d4 O-O 7. Re1 d5 8. cxd5 exd5 9. Nc3 Nbd7 10. Bf4 c5 11. Rc1 {E17: Queen's Indian: 4 g3 Bb7 5 Bg2 Be7} Ne4 12. Nxe4 dxe4 13. Nd2 Nf6 14. dxc5 Bxc5 15. Nb3 {Predecessor:} Bb4 $146 16. Qxd8 Rfxd8 17. Red1 Bd5 18. Bg5 Be7 19. Bxf6 gxf6 20. Rxd5 Rxd5 21. Bxe4 Rad8 22. Bxd5 Rxd5 23. e3 Rd7 24. Kf1 {1-0 (24) Halkias,S (2568)-Balokas,D (2250) Anogia 2018} 1/2-1/2

[Event "POL-chT 1 Liga 2019"]
[Site "Dzwirzyno"]
[Date "2019.09.09"]
[Round "3.2"]
[White "Roubalik, Jakub"]
[Black "Cyborowski, Lukasz"]
[Result "1/2-1/2"]
[WhiteElo "2405"]
[BlackElo "2509"]
[Annotator "TA"]
[PlyCount "33"]
[EventDate "2019.09.07"]
[EventType "team-tourn"]
[EventCountry "POL"]
[SourceTitle "playchess.com"]
[Source "ChessBase"]
[SourceQuality "1"]

{[%evp 14,24,20,20,23,22,19,15,10,10,23,28,14]} 1. d4 Nf6 2. c4 e6 3. Nf3 d5 4. Nc3 Be7 5. Bg5 h6 6. Bh4 O-O 7. e3 Nbd7 8. Rc1 c5 {D63: Queen's Gambit Declined: Classical: 7 Rc1} 9. cxd5 (9. dxc5 Nxc5 10. cxd5 g5 11. Bg3 Nxd5 12. Nxd5 Qxd5 13. Qxd5 exd5 14. Nd4 Bd7 15. Be2 Rac8 16. O-O {½-½ (31) Ivanchuk,V (2710)-Yu,Y (2765) Batumi 2018}) 9... Nxd5 10. Bxe7 Nxe7 11. Be2 Qb6 12. O-O Qxb2 {Predecessor:} 13. dxc5 $146 Nxc5 14. Qd6 Nd5 15. Nxd5 exd5 16. Qxc5 Qxe2 17. Qxd5 {½-½ (29) Satosuo,R (2086)-Barbalic,Z (2006) ICCF email 2012} 1/2-1/2

[Event "POL-chT 1 Liga 2019"]
[Site "Dzwirzyno"]
[Date "2019.09.09"]
[Round "3.3"]
[White "Nurkiewicz, Maciej"]
[Black "Paszewski, Mateusz"]
[Result "1-0"]
[WhiteElo "2334"]
[BlackElo "2297"]
[Annotator "TA"]
[PlyCount "115"]
[EventDate "2019.09.07"]
[EventType "team-tourn"]
[EventCountry "POL"]
[SourceTitle "playchess.com"]
[Source "ChessBase"]
[SourceQuality "1"]

{[%evp 18,115,15,11,7,20,19,20,25,21,20,20,14,17,28,19,30,27,50,11,54,37,35,9,65,43,61,-71,47,0,0,-61,46,43,78,43,49,0,0,0,0,0,0,-8,1,7,16,21,21,16,43,6,142,137,147,11,17,22,84,78,74,43,178,200,244,122,160,49,375,368,321,360,377,376,351,328,489,488,468,462,29994,999,1301,1299,1296,1296,1088,1253,1228,1222,1202,1177,1084,852,999,911,806,827,752,721]} 1. d4 d5 2. c4 c6 3. Nf3 Nf6 4. Nc3 e6 5. e3 Nbd7 6. Qc2 Bd6 7. Bd3 dxc4 8. Bxc4 O-O 9. O-O e5 10. Rd1 {aiming for dxe5.} exd4 {D46: Semi-Slav: 5 e3 Nbd7 6 Bd3, Black avoids the Meran} (10... Qe7 11. h3 e4 12. Nd2 Nb6 13. a4 Bf5 14. a5 Nbd5 15. Qb3 Nb4 16. Na2 Nfd5 17. Nxb4 Nxb4 18. Nf1 Qg5 19. Kh1 {0-1 (29) Svane,R (2555)-Adly,A (2599) Doha 2016}) 11. Nxd4 Qc7 12. h3 Ne5 {The position is equal.} 13. Be2 Re8 14. b3 Bd7 15. Bb2 Rad8 16. Rac1 Qb8 $146 ({Predecessor:} 16... Qa5 17. a3 Bb8 18. b4 Qc7 {½-½ (18) Dedebas,E (2322)-Kesgin,H (2207) Izmir 2017}) 17. Na4 Bc8 18. Nf5 Bf8 19. Rxd8 Rxd8 20. f4 Ned7 (20... Bxf5 $11 21. Qxf5 {[%mdl 64] Pin} Ned7) 21. Rd1 Re8 22. b4 (22. Bf3 $1 $14 {keeps the upper hand.}) 22... Ne4 (22... Nd5 $1 $17 23. Bc4 N7f6 24. Bxf6 Nxf6) 23. Nd4 (23. Nc3 $5 {[%cal Rc3e4]} Ndf6 24. Nxe4 Nxe4 25. Nh4 $14) 23... Ndf6 24. b5 (24. Bd3 $11) 24... c5 (24... Nd5 $1 $15 25. Bc1 Nef6) 25. Nf3 $14 Be6 26. Nc3 Ng3 27. Ng5 (27. Kf2 $5 {[%cal Rf2g3]} Nf5 28. Ne5 $11) 27... Bf5 28. Bd3 Bxd3 29. Qxd3 {Kh2 is the strong threat.} h6 30. Nf3 $40 {[%mdl 128] White attacks.} Qc8 {White should prevent ...c4.} 31. Ne5 Nf5 32. Nd5 Nxd5 33. Qxd5 Qc7 34. Rd3 Re6 (34... Nd6 $11) 35. Nc4 $1 $16 Ne7 36. Qd7 (36. Qh5 $16) 36... Qxd7 $11 37. Rxd7 Nf5 (37... Re4 $11 {keeps the balance.} 38. Nd6 Rxe3) 38. Rxb7 $16 Re4 39. Ne5 {Threatens to win with Rb8.} f6 (39... Rb4 $1 $14) 40. Ng6 $1 $18 {[%cal Rg6f8]} Bd6 {[#]} 41. Rxa7 (41. Rd7 $1 $18) 41... Rxe3 {[#]} 42. Rd7 ({Better is} 42. g4 $1 $16 {[%cal Rg4f5]} Ng3 43. b6 Re1+ 44. Kg2 Re2+ 45. Kxg3 Rxb2 46. Kf3) 42... Re1+ $2 {[%mdl 8192]} (42... c4 $14 43. g4 Bc5 44. gxf5 Re7+ 45. Bd4 Rxd7 46. Bxc5 c3) 43. Kf2 Rb1 44. Bc3 c4 45. g4 Bc5+ 46. Ke2 Ne3 (46... Nd6 $142) 47. Bd4 Bxd4 48. Rxd4 {[%mdl 4096] Endgame KRN-KRN} c3 (48... Kh7 $18 49. Kxe3 Kxg6) 49. f5 (49. Rd8+ $142 Kf7 50. f5 Nxf5 51. gxf5 Rb2+ 52. Ke3 Re2+ 53. Kxe2 h5 54. Rf8#) 49... Re1+ {White is clearly winning.} 50. Kxe1 {White threatens Rd8+ and mate.} Nc2+ 51. Kd1 {Threatening mate with Rd8+.} Nxd4 {KN-KN} 52. b6 {[%cal Bb5b6,Bb6b7][%mdl 32]} Kf7 53. b7 Nc6 54. Kc2 Ke8 55. Kxc3 Kd7 56. Nf8+ Kc7 57. Ne6+ Kxb7 58. Nxg7 {Accuracy: White = 45%, Black = 30%.} 1-0

[Event "POL-chT 1 Liga 2019"]
[Site "Dzwirzyno"]
[Date "2019.09.09"]
[Round "3.4"]
[White "Ciesla, Adam"]
[Black "Bartel, Michal"]
[Result "1/2-1/2"]
[WhiteElo "2273"]
[BlackElo "2291"]
[Annotator "TA"]
[PlyCount "53"]
[EventDate "2019.09.07"]
[EventType "team-tourn"]
[EventCountry "POL"]
[SourceTitle "playchess.com"]
[Source "ChessBase"]
[SourceQuality "1"]

{[%evp 13,53,-15,0,0,0,0,0,0,0,-12,-15,-7,2,17,8,23,25,23,31,38,75,74,76,44,47,32,42,29,69,75,86,81,67,68,89,0,50,0,72,0,36,0]} 1. e4 e5 2. Nf3 Nc6 3. d4 exd4 4. Bc4 Nf6 5. e5 Ng4 6. Qe2 Qe7 7. Bf4 {[#]} d6 $1 {[%mdl 512]} 8. exd6 {C56: Two Knights: 4 d4 exd4 5 0-0 Nxe4} cxd6 9. O-O Qxe2 10. Bxe2 {The position is equal.} Nge5 11. Na3 $146 ({Predecessor:} 11. Nbd2 d3 12. cxd3 Bf5 13. d4 Nd3 14. Bg3 Be7 15. d5 Ncb4 {0-1 (39) Olsar,J (2220)-Kociscak,J (2414) Havirov 2012}) 11... Bg4 12. Rfe1 {[#] Nxe5 is the strong threat.} Bxf3 13. Bxf3 O-O-O 14. Bd5 $36 {[%mdl 2048] White fights for an advantage.} Be7 15. Bg3 g5 16. Rad1 Rhe8 17. Nb5 Bf6 18. Bxc6 bxc6 19. Nxd4 Kb7 20. Kf1 d5 21. Re3 Nc4 22. Rb3+ Nb6 23. Rf3 Nd7 $1 24. Rb3+ Nb6 25. Rf3 (25. a4 $5 {[%cal Ra4a5]}) 25... Nd7 $1 26. Rb3+ Nb6 27. Rf3 {Accuracy: White = 49%, Black = 62%.} 1/2-1/2

[Event "POL-chT 1 Liga 2019"]
[Site "Dzwirzyno"]
[Date "2019.09.09"]
[Round "3.5"]
[White "Sliwerski, Radoslaw"]
[Black "Tomaszewski, Roman"]
[Result "*"]
[WhiteElo "2078"]
[BlackElo "2195"]
[Annotator "TA"]
[PlyCount "32"]
[EventDate "2019.09.07"]
[EventType "team-tourn"]
[EventCountry "POL"]
[SourceTitle "playchess.com"]
[Source "ChessBase"]
[SourceQuality "1"]

{[%evp 15,29,-35,-28,-55,-50,-61,-2,-8,0,0,0,0,4,0,0,0]} 1. d4 Nf6 2. c4 e6 3. Nc3 Bb4 4. g3 O-O 5. Bg2 d5 6. Nf3 dxc4 7. O-O Nc6 8. a3 Be7 9. e4 {E20: Nimzo-Indian: 4 g3 and 4 f3} Na5 10. Be3 Nb3 (10... a6 $15) (10... c6 11. Qc2 b5 12. Rad1 Bb7 13. Ne5 Qc7 14. f4 Rad8 15. g4 a6 16. g5 Ne8 {0-1 (42) Salem,A (2672)-Movsesian,S (2629) chess.com INT 2019}) 11. Rb1 $11 {The position is equal.} c5 12. dxc5 Bxc5 13. Bxc5 Nxc5 14. Qxd8 Rxd8 15. Ne5 {Predecessor:} b6 $146 16. Nc6 Re8 {½-½ (50) Nguyen,H (2496)-Hossain,E (2436) Al Ain 2015} *

[Event "POL-chT 1 Liga 2019"]
[Site "Dzwirzyno"]
[Date "2019.09.09"]
[Round "3.6"]
[White "Lach, Aleksandra"]
[Black "Kulon, Klaudia"]
[Result "0-1"]
[WhiteElo "2173"]
[BlackElo "2339"]
[Annotator "TA"]
[PlyCount "96"]
[EventDate "2019.09.07"]
[EventType "team-tourn"]
[EventCountry "POL"]
[SourceTitle "playchess.com"]
[Source "ChessBase"]
[SourceQuality "1"]

{[%evp 13,96,26,45,16,41,47,37,39,52,56,50,47,75,51,83,60,59,-64,-47,-77,-66,-149,-37,-89,-84,-77,-62,-124,-122,-136,-142,-156,-131,-141,-160,-150,-148,-173,-160,-231,-214,-229,-153,-133,-17,-17,-17,-17,-17,-37,-17,-24,-17,-17,-17,-17,-17,-17,0,0,0,0,0,0,0,0,0,0,0,-6,-2,-549,-593,-578,-583,-500,-446,-578,-559,-530,-504,-883,-831,-817,-783]} 1. d4 Nf6 2. c4 g6 3. Nc3 Bg7 4. e4 O-O 5. Be3 d6 6. h3 e5 7. d5 c6 8. g4 {E71: King's Indian: 4 e4 d6 5 h3} cxd5 9. cxd5 Bd7 (9... a6 10. Nge2 h5 11. f3 Nbd7 12. Qd2 b5 13. Rg1 h4 14. Nc1 Nh7 15. Nd3 Bf6 16. g5 Bg7 17. Nb4 f6 18. Nc6 Qe8 19. Bxb5 Nxg5 20. Be2 {1-0 (33) Bosiocic,M (2613)-Pasko,L (2436) Prishtina 2019}) 10. f3 $146 {White is slightly better.} ({Predecessor:} 10. Nge2 b5 11. Ng3 b4 12. Nb1 a5 13. Nd2 Na6 14. Nc4 Nc5 15. f3 Ba4 {0-1 (35) Kenneskog,T (2306)-Savitha,S (1895) Stockholm 2019}) 10... Qa5 11. Qd2 Na6 12. a3 Ne8 13. Bd3 f5 14. gxf5 gxf5 15. Bh6 (15. exf5 $14 Bxf5 16. Bxf5 Rxf5 17. Rh2) 15... b5 $15 16. Bxg7 Nxg7 17. Rd1 (17. Nge2 $15) 17... Qd8 (17... b4 $17 18. axb4 Nxb4) 18. h4 ({Better is} 18. b4 $15) 18... Nc5 19. Qg5 a5 {White must now prevent ...b4.} 20. Qxd8 (20. exf5 $1 $15 Nxd3+ 21. Rxd3) 20... Raxd8 $17 21. b4 axb4 22. axb4 Nxd3+ 23. Rxd3 Rc8 24. Rh2 Nh5 25. Nh3 Rc4 26. Rb2 (26. Rg2+ $17 {might work better.} Kh8 27. Rb2) 26... Rfc8 $19 27. Kd2 fxe4 28. fxe4 Rxc3 ({Black should play} 28... Kf7 $17 29. Kc2 Rd4) 29. Rxc3 $11 Rxc3 30. Kxc3 Bxh3 31. Kd3 Nf6 {aiming for ...Bg4.} 32. Ra2 Kf7 33. Ke3 $1 Ke7 34. Ra7+ Bd7 35. Ra8 Be8 {...Bg6 is the strong threat.} 36. Ra7+ Kd8 37. Ra6 Kc7 {And now ...Bg6 would win.} 38. Ra7+ Kb8 39. Ra6 $1 Kc7 {Threatening ...Bg6.} 40. Ra7+ Kb6 41. Re7 $1 Bg6 42. h5 $2 {[%mdl 8192]} (42. Rg7 $1 $11) 42... Bxh5 $19 {Black is clearly winning.} 43. Re6 Ne8 44. Re7 {[#]} Bg6 $1 45. Re6 Kc7 46. Re7+ Kc8 47. Re6 (47. Ra7 $142 Nf6 48. Ra6 Nxe4 49. Rb6) 47... Kd7 48. Kd3 Nc7 {Accuracy: White = 43%, Black = 53%.} 0-1

[Event "POL-chT 1 Liga 2019"]
[Site "Dzwirzyno"]
[Date "2019.09.09"]
[Round "3.7"]
[White "Szwed, Jacek"]
[Black "Kolago, Marcin"]
[Result "1/2-1/2"]
[WhiteElo "2370"]
[BlackElo "2340"]
[Annotator "TA"]
[PlyCount "126"]
[EventDate "2019.09.07"]
[EventType "team-tourn"]
[EventCountry "POL"]
[SourceTitle "playchess.com"]
[Source "ChessBase"]
[SourceQuality "1"]

{[%evp 9,126,48,58,32,31,25,46,38,58,54,63,67,66,64,64,61,125,129,168,142,144,131,154,59,66,82,111,40,38,41,54,41,41,19,43,33,49,52,39,48,22,43,95,54,57,20,48,12,47,25,55,4,1,-56,0,-22,-20,-65,-69,-64,-50,-129,-64,-104,-123,-177,-157,-151,-166,-180,-145,-153,-159,-142,-82,-121,-117,-117,-93,-154,-117,-139,-123,-141,-133,-97,0,-100,-134,-133,-99,-95,-97,-126,-112,-146,-146,-93,-66,-550,-526,-539,-351,-544,-546,-553,-532,-531,-502,-484,-284,-175,0,-447,0,-320,0,-260,0]} 1. e4 d5 2. exd5 Qxd5 3. Nc3 Qd6 4. d4 Nf6 5. Nf3 g6 6. Ne5 {B01: Scandinavian Defence} (6. Nb5 Qd8 7. c4 c6 8. Nc3 Bg4 9. Be2 Bg7 10. h3 Bxf3 11. Bxf3 Nbd7 12. O-O O-O 13. Re1 {1-0 (41) Caruana,F (2819)-Nakamura,H (2754) Paris 2019}) 6... Bg7 7. Bc4 O-O 8. O-O {White is slightly better.} c6 9. Re1 Nd5 $146 ({Predecessor:} 9... Nbd7 10. Bf4 Nh5 11. Ne4 Qc7 12. Nxd7 Qxd7 13. Be5 {½-½ (50) Stany,G (2502)-Arkell,K (2416) Hastings 2018}) 10. Qf3 {[%cal Rc3d5]} Be6 11. Ne4 Qd8 12. Nc5 Bc8 (12... Nd7 $14) 13. c3 $16 h6 14. Bd2 a5 15. Rad1 Ra7 16. Ng4 (16. Bb3 $16) 16... Bxg4 $14 17. Qxg4 b5 18. Bb3 (18. Bd3 $16) 18... Nd7 19. Nd3 e6 20. Bc2 Re8 21. Qh3 h5 $1 22. Re2 Qc7 23. Rde1 c5 24. dxc5 Nxc5 25. Ne5 Re7 (25... Rc8 $14) 26. Qh4 Nd7 $1 {[%cal Rd7e5]} 27. Nf3 (27. Nxg6 $5 fxg6 28. Bxg6 $11) 27... Re8 28. Bb3 {And now Bxd5 would win.} N7f6 29. a4 b4 30. c4 (30. cxb4 $14 Nxb4 31. Bxb4 axb4 32. Nd4 (32. Qxb4 Rb8 $11)) 30... Ne7 $11 31. Nd4 (31. Bc2 $11) 31... Raa8 (31... Qc8 $15) 32. Nb5 Qc6 33. Bf4 Nf5 34. Qh3 Red8 35. Be5 (35. g3 $15) 35... Ng4 $36 {[%mdl 2048] Black fights for an advantage.} (35... Nd7 $17 36. Bc7 Nd4 37. Bxd8 Nxe2+ {[%mdl 64] Discovered Attack} 38. Rxe2 Rxd8) 36. Bxg7 Kxg7 37. Qf3 (37. g3 $17) 37... Qxf3 $19 38. gxf3 Nf6 39. Bc2 Nd4 40. Nxd4 Rxd4 41. b3 Nd7 (41... h4 $142) 42. Rd1 Rxd1+ 43. Bxd1 $17 {[%mdl 4096] Endgame KRB-KRN} Kf6 44. Rd2 ({White should play} 44. f4) 44... Ke7 $1 45. f4 {[#]} Ra6 $1 46. Kf1 Rd6 47. Ke2 f6 (47... Rxd2+ $17 48. Kxd2 Kd6) 48. Ke3 (48. Rxd6 $11 {remains equal.} Kxd6 49. h4) 48... Rxd2 49. Kxd2 {KB-KN} Nc5 50. Ke3 g5 51. fxg5 fxg5 52. Kd4 Kd6 53. Ke3 {[#]} (53. Bc2 $142) 53... e5 $1 54. h3 $2 {[%mdl 8192]} (54. f3 $15) 54... Ke6 55. Bc2 Kf6 56. Bd1 h4 57. f3 Ke6 58. Bc2 Kd6 59. Bd1 Ne6 (59... Kc7 $142 60. Bc2 Kd6) 60. Be2 $19 Nc5 $2 (60... Kd7 61. Kd2 Kd6) 61. Bd1 Ke6 62. Bc2 Kd6 63. Bd1 $1 e4 $2 {Accuracy: White = 39%, Black = 59%.} ({Better is} 63... Kd7 $19 64. Bc2 Ke7) 1/2-1/2

[Event "POL-chT 1 Liga 2019"]
[Site "Dzwirzyno"]
[Date "2019.09.09"]
[Round "3.8"]
[White "Zezulkin, Jurij"]
[Black "Zylka, Stanislaw"]
[Result "1-0"]
[WhiteElo "2434"]
[BlackElo "2338"]
[Annotator "TA"]
[PlyCount "145"]
[EventDate "2019.09.07"]
[EventType "team-tourn"]
[EventCountry "POL"]
[SourceTitle "playchess.com"]
[Source "ChessBase"]
[SourceQuality "1"]

{[%evp 11,145,24,44,25,33,27,35,44,53,43,57,27,111,110,122,113,124,116,123,129,129,137,133,94,119,78,99,95,96,28,133,82,87,85,81,97,122,106,96,101,94,92,108,109,146,139,202,194,193,163,170,101,204,204,208,201,187,191,214,152,234,214,224,137,143,144,145,146,188,189,203,162,291,200,200,181,176,179,181,163,177,195,241,77,304,300,339,366,371,348,366,357,359,353,358,344,339,352,341,330,285,385,370,356,352,325,270,171,176,175,170,180,173,180,921,779,1285,879,1151,1093,891,715,1947,1970,2077,2110,4627,3405,4627,0,29984,0,4627,4627,29986,29987]} 1. e4 c5 2. Nf3 e6 3. d4 cxd4 4. Nxd4 Nc6 5. Nc3 Qc7 6. Be3 a6 7. Qf3 {B48: Sicilian: Taimanov: 5 Nc3 Qc7 6 Be3 a6 without Be2} Ne5 (7... Bd6 8. O-O-O Be5 9. Qe2 Nge7 10. g3 Bxd4 11. Bxd4 Nxd4 12. Rxd4 e5 13. Rd1 b5 14. Bh3 O-O {1-0 (41) Anand,V (2756)-Svidler,P (2729) Amsterdam 2019}) 8. Qg3 h5 9. Bf4 {White is slightly better.} d6 10. Bg5 b5 11. f4 Nc4 (11... h4 $11 {remains equal.} 12. Bxh4 b4) 12. O-O-O $1 $36 {[%mdl 2048] White is on the roll.} Bb7 13. Bxc4 Qxc4 14. a3 Rc8 15. Rhe1 {[#]} Nf6 $146 ({Predecessor:} 15... b4 16. axb4 Qxb4 17. e5 dxe5 18. Nxe6 fxe6 19. Rxe5 Be7 20. f5 Qg4 {0-1 (20) Sadykov,R (2403)-Goganov,A (2615) Moscow 2015}) 16. Bxf6 gxf6 17. Kb1 h4 18. Qh3 b4 19. axb4 Qxb4 20. f5 (20. Na2 $16 Qc5 21. Nc3) 20... Rc4 (20... e5 $1 $11) 21. Nb3 (21. fxe6 $6 Rxd4 22. Rxd4 Qxd4 $11) (21. Qd3 $142) 21... e5 22. Qd3 Rg8 23. Re2 Rg4 {[%cal Rc4e4]} 24. Nd5 Bxd5 25. Qxd5 Rc8 26. Rd3 Be7 27. Nd2 Qb6 28. Nc4 {[%mdl 64] Double Attack} Qg1+ (28... Qc6 $16 {was called for.} 29. Qxc6+ (29. Nxd6+ Bxd6 30. Qxd6 Qxd6 $16) 29... Rxc6) 29. Rd1 $18 Qc5 {Hoping for ...Qxd5.} 30. Qxc5 (30. Nxd6+ $6 Bxd6 31. Qxd6 Qxd6 $16) 30... Rxc5 31. b3 ({Don't play} 31. Nxd6+ $6 Bxd6 32. Rxd6 Rc4 $16) (31. Nb6 $18) 31... Kd7 (31... d5 $16 32. exd5 Rb5) 32. Nb6+ Ke8 33. Nd5 Bd8 34. Kb2 Kd7 35. c4 Kc8 (35... a5 $16 36. Rb1 Rc8) 36. Ra1 Kb7 37. Rc1 Rc8 38. b4 {[%cal Bb3b4,Bb4b5][%mdl 32]} a5 39. b5 Ka7 40. Kb3 Kb7 41. Ra1 Rc5 (41... Bb6 $142 42. Nxf6 Rf4) 42. Kc3 Rc8 43. Kd3 Rg5 44. Rea2 Ra8 45. Rf1 Rg4 46. Rf3 a4 47. Rh3 $2 (47. h3 $18 {and the rest is easy.} Rg8 48. c5 dxc5 49. Kc4) 47... a3 $2 (47... Bb6 $16) 48. Ne3 Rf4 {[#] With the idea ...Bb6.} 49. g3 $1 {[%cal Rg3f4]} hxg3 50. hxg3 Rf3 {White must now prevent ...Bb6.} 51. Ke2 Rxe3+ 52. Kxe3 {[%mdl 4096] Endgame KRR-KRB} Bb6+ 53. Kd3 Bd4 54. Kc2 Kb6 55. Rh7 Kc5 56. Kb3 ({Much less strong is} 56. Rxf7 $6 Kb4 $18) 56... Rg8 57. Rxf7 Rxg3+ 58. Ka4 Kxc4 59. Rc7+ ({But not} 59. Rxa3 $6 Rg8 $16) 59... Bc5 {[#]} 60. b6 $1 {[%cal Rb6b7] aiming for b7.} Rg1 61. b7 Rb1 {Threatening ...Rb4+.} 62. Rxa3 Rb6 $2 (62... Rb2 63. Ka5 Kd4 64. Ra4+ Kd3) 63. Ka5 Rb1 64. Ka6 Kd4 65. Ra4+ Kd3 66. Ra5 Bd4 67. Rc6 Kxe4 68. Rxd6 Bf2 69. Rxf6 Kf4 70. Rb5 Ra1+ 71. Ra5 Rb1 72. Re6 e4 73. f6 {Accuracy: White = 66%, Black = 37%.} 1-0

[Event "POL-chT 1 Liga 2019"]
[Site "Dzwirzyno"]
[Date "2019.09.09"]
[Round "3.9"]
[White "Koziol, Kamil"]
[Black "Rawicz, Karol"]
[Result "1/2-1/2"]
[WhiteElo "2292"]
[BlackElo "2200"]
[Annotator "TA"]
[PlyCount "36"]
[EventDate "2019.09.07"]
[EventType "team-tourn"]
[EventCountry "POL"]
[SourceTitle "playchess.com"]
[Source "ChessBase"]
[SourceQuality "1"]

{[%evp 13,36,12,0,0,7,9,1,0,4,-12,-9,-12,12,-12,0,-10,-5,-14,-14,-14,-13,-14,8,-11,15]} 1. e4 e5 2. Nf3 Nc6 3. Bb5 a6 4. Ba4 Nf6 5. Bxc6 dxc6 6. d3 Nd7 7. Nbd2 Bd6 {The position is equal.} 8. Nc4 {C77: Ruy Lopez: 3...a6 4 Ba4 Nf6, unusual lines} O-O 9. O-O (9. Be3 c5 10. Qd2 f6 11. Rg1 Nb8 12. g4 Nc6 13. Nh4 g6 14. O-O-O Rf7 15. Rdf1 Bf8 {0-1 (38) Hess,R (2571)-Postny,E (2606) chess.com INT 2017}) 9... Re8 10. h3 c5 $146 ({Predecessor:} 10... Nf8 11. Nh2 Ng6 12. Qh5 Be6 13. Nxd6 cxd6 14. f4 exf4 15. b3 Qf6 {0-1 (45) Schneider,I (2331)-Muhammad,S (2317) Penn State 2002}) 11. Nh2 Nf8 12. a4 $1 b6 13. b3 Ng6 14. Ng4 Be6 15. Bb2 {[%cal Rg4e5]} f6 16. Qf3 Qd7 17. Nce3 Rf8 18. Rfe1 Rae8 {Accuracy: White = 42%, Black = 53%.} 1/2-1/2

[Event "POL-chT 1 Liga 2019"]
[Site "Dzwirzyno"]
[Date "2019.09.09"]
[Round "3.10"]
[White "Jaroch, Karol"]
[Black "Nowak, Mikolaj"]
[Result "1/2-1/2"]
[WhiteElo "2236"]
[BlackElo "2262"]
[Annotator "TA"]
[PlyCount "87"]
[EventDate "2019.09.07"]
[EventType "team-tourn"]
[EventCountry "POL"]
[SourceTitle "playchess.com"]
[Source "ChessBase"]
[SourceQuality "1"]

{[%evp 21,87,70,88,10,73,67,71,57,44,56,68,0,71,-18,-16,-42,-48,-51,-33,-43,-46,-114,-88,-105,0,0,10,7,10,14,22,13,23,-19,0,0,0,0,0,0,0,-116,-116,-113,-113,-156,-129,-157,-96,-165,-71,-70,-28,-47,-26,-95,0,0,0,0,0,0,0,0,0,0,0,0]} 1. d4 c5 2. d5 g6 3. c4 Bg7 4. Nc3 d6 5. e4 Nf6 6. Nf3 O-O 7. Be2 e6 8. O-O exd5 9. cxd5 a6 10. a4 Nbd7 11. Bf4 Ne8 12. Nd2 {A74: Modern Benoni: Classical: 9...a6} (12. Qd2 $16) 12... b6 $146 (12... Ne5 $11 {remains equal.}) ({Predecessor:} 12... Ne5 13. Nc4 Nxc4 14. Bxc4 Rb8 15. Qd2 Bd7 16. a5 Qe7 17. Rfe1 f6 18. Na4 Bxa4 19. Rxa4 Qd7 {½-½ (37) Vanek,L (2177)-Matras,O (2224) Frydek Mistek 2014}) 13. Bg3 $16 Rb8 14. f4 {White is better.} f5 15. exf5 gxf5 16. Bd3 (16. Nc4 $14) 16... Nc7 (16... b5 $1 $11) 17. Qc2 (17. Nc4 $16) 17... Nf6 $11 18. Bh4 Qd7 19. Rf3 Kh8 20. Bxf6 $1 Bxf6 21. Kh1 (21. Rh3 $15) 21... b5 $1 $17 22. axb5 Nxb5 (22... axb5 $17 23. Ra7 c4 24. Bxf5 Qxf5 25. Qxf5 Bxf5 26. Rxc7 Rfe8) 23. Rh3 Qb7 24. Nc4 {Threatening Nxb5.} Bxc3 25. bxc3 Qxd5 26. Ne3 Qf7 27. g4 {[%cal Rd3f5]} Qg7 $36 {[%mdl 2048] Black fights for an advantage.} 28. Rc1 $1 c4 29. Bxf5 Bxf5 30. gxf5 Rg8 31. f6 (31. Nd5 $11 {keeps the balance.}) 31... Qb7+ 32. Ng2 Rbf8 33. Re1 {Hoping for Re7!} Rxf6 34. Rg3 {[#]} Rff8 (34... Rxf4 $142 $1 {White must now prevent ...Rff8.} 35. Rxg8+ Kxg8 36. Re8+ Rf8) 35. Re4 {[#]} (35. Qd1 $17) 35... Rxg3 (35... d5 $1 $19 {[%cal Rd5e4] has better winning chances.} 36. Ree3 Nd6) 36. hxg3 Qg7 (36... d5 $5 {[%cal Rd5e4]} 37. Re5 Qg7 38. Rxd5 Qxg3 $17) 37. Re3 d5 {With the idea ...Nd6.} 38. Kh2 (38. Qd2 $1 $11) 38... Rd8 (38... Nd6 $17 {aiming for ...Ne4.} 39. Qd2 Nf5) 39. Nh4 $11 {The position is equal.} d4 40. cxd4 Qxd4 41. Qe2 {Threatening mate with Re8+.} Qd2 {[#]} 42. Re8+ $1 {[%mdl 512]} Kg7 {And now ...c3 would win.} (42... Rxe8 43. Qxd2) 43. Re7+ Kf8 {[#]} 44. Re8+ $1 {[%mdl 512] Accuracy: White = 41%, Black = 55%.} 1/2-1/2